000 00356nam a2200157Ia 4500
005 20250423101416.0
008 250422s9999 xx 000 0 und d
020 _a0-8094-2694-3
050 _aGV826.5.W47
100 _aA.B.C Whipple
245 4 _aThe racing yachts
260 _aVirgina
260 _bTime-Life Books
300 _a176 p
942 _cBK
999 _c36223
_d36223